Statistics for Famous People from the 9th Century AD

Click here to take the quiz!

General Stats

  • This quiz has been taken 40 times
  • The average score is 5 of 14

Answer Stats

HintAnswer% Correct
Great king of Wessex, who repelled the Vikings and supported English Language and LiteratureAlfred the Great
73%
First King of West Francia, which became the Kingdom of FranceCharles the Bald
49%
Legendary Viking king, who raided ParisRagnar Lodbrok
49%
Missionary of the Slavs, developed the writing system, which is used in the Slavic WorldSaint Cyril
49%
His "Boneless" son, who commanded the Great Heathen Army and became King of DublinIvar Ragnarsson
46%
First King of East Francia, which became the Holy Roman EmpireLouis the German
46%
Son of Charlemagne, who divided the Frankish Empire under his SonsLouis the Pious
46%
His "Ironsided" son, who lead raids in Aquitaine and IberiaBjorn Ragnarson
35%
Son, who became King of Middle Francia, a region in Eastern France is named after himLothair I
35%
Founder of the Rus, his dynasty ruled Russia untill the 17. CenturyRurik
32%
HIs Companion, who also missionized the SlavsSaint Methodius
24%
First christian Emperor of Bulgaria, who baptized his peopleBoris I
22%
King of the Picts, considert to be the first King of ScotsKenneth MacAlpin
19%
Great Mathematician, the word "Algorithm" is derived from his nameMuhammad ibn Musa al-Khwarizmi
16%

Score Distribution

Percentile by Number Answered

Percent of People with Each Score

Your Score History

You have not taken this quiz